000 03498nam a22002657a 4500
003 SEM
005 20220608073801.0
008 170718b xxu||||| |||| 00| 0 arm
040 _aՍԷՄ
_cՍԷՄ
041 0 _aarm.
080 _a930.27(47.925)/Ա-16
100 1 _aԱբրահամյան Աշոտ Գարեգինի
_d(1903-1983)
245 1 4 _aՀայոց գիր և գրչություն: /
_cԱ. Աբրահամյան; Խմբ.` Պ.Մուրադյան; ԵՊՀ
246 1 1 _aАрмянское письмо и письменность.
260 _aԵրևան:
_bԵրևանի համալս. հրատ.,
_c1973.
300 _a374 էջ;
_bնկ., աղյս.;
_c27 սմ.
500 _a[Նախաքրիստոնեական հայ մատենագրության հարցը: Այլ նշանագրերով և լեզուներով Հայաստանում գրված հուշարձաններ: Հայոց գրի ստեղծումը: Հայկական գրատեսակները և նրանց գործածության մոտավոր ժամանակը - Հայկական գրատեսակների խմբավորումը: Մեսրոպյան բոլորգիծ, միջին մեսրոպյան և ուղղագիծ երկաթագրերը: Բոլորգիր: Նոտրգիր և շղագիր: Հայ գրչության հնագույն նմուշները: Թվանշանների գործածությունը: Տոմար: Թվականները և նրանց վերծանության սկզբունքները - Քրիստոնեական թվականի վերածնությունը: Հայկական մեծ թվականի վերածնությունը: Հայկական փոքր թվականի վերածնությունը: Ազարիա Ջուղայեցու թվականի վերածնությունը: Ծռազատկի կարևորությունը ժամանակագրական ճշտումներ կատարելու գործում: Արարչության թվականների վերածնությունը: Ոլիմպիական թվականի վերածնությունը: Հռոմեական թվականի վերածնությունը: Վրաց քրոնիկոնը: Հոբելյան թվականի վերածնությունը: Ինդիկտիոնի թվականի վերածնությունը: Դիոկղետիանոսի թվականի վերածնությունը: Սելևկյան թվականի վերածնությունը: Բեսեքիստոնի, իդոսի, տգոնի և նոնոս կոչվող թվականների վերածնությունը: Հիջրայի թվականի վերածնությունը: Գրիգորյան տոմարը: Առեղծվածագիր թվականների վերածնությունը: Կետադրության և առոգանության նշաններ: Կապգրություն: Համառոտագրություն: Նշանգիրք իմաստնոց: Գաղափարագրություն: Ծածկագրություն: Գրանյութը գրենական պիտույքները: Աղճատումներ և աղավաղումներ: Ովքե՞ր են գրիչները և ի՞նչ պայմաններում են նրանք աշխատել:]
504 _aՑանկեր` էջ 362-371
650 _aՀայ գրի պատմություն
650 _aՀայ գրչության պատմություն
650 _aԳիր
_xպատմություն
_zՀայաստան
700 1 _aՄուրադյան Պարույր
_4խմբ.
_eedt.
710 2 _aԵրևանի պետական համալսարան
942 _2udc
_cBK
999 _c66916
_d66916